00975nam a2200253 i 450000100060000000300090000600500170001500700030003200800410003502000180007604000220009408000340011610000410015024500960019126000790028730000420036660000560040865500480046471000290051285200330054194200080057499900170058295201220059913171ES-MaACL20250816043439.0t|960926s1995 sp ||||0| spa j a84-7847-374-2 aM-BN bspa cM-BN a73 Salamanca, Enrique (064.3)1 aSalamanca, Enrique (d1943-)910170410aEnrique Salamanca b: esculturas : 27 de octubre al 26 de noviembre 1995 : [Museo Barjola]. a[Oviedo] : bServicio de Publicaciones del Principado de Asturias,c[1995] a69 p : bil. col. y n ; c23 x 22 cm.14aSalamanca, Enrique (d1943)-vExposiciones.9101705 72tgfbne9193628aCatálogos de exposiciones2 aMuseo Juan Barjola95886 aES-MaACLjL-20486 bR.124850 2udc c13171d13171 00104070aATENEOMbATENEOMcDEPO2d2008-01-17eSCl0oL-20486p1013412r2023-02-23 00:00:00w2023-02-23yMONOGRAFIA